000 00467nam a22001697a 4500
005 20240109115221.0
008 190530b xxu||||| |||| 00| 0 eng d
020 _a978-93-87397-38-5
041 _aeng
100 _aBHISE, DR, S.B. AND YADAV , DR. A.B.
_95102
245 _aA TEXTBOOK OF HUMAN ANATOMY AND PHYSIOLOGY II (SEM-II)
250 _a3rd , 2019
260 _aPUNE
_bNIRALI PRAKASHAN
300 _a8.14 p,
650 _aPHARMACY
_xB.PHARMA
942 _cBK
999 _c5902
_d5900